MARC

LEADER 00000nam0a2200000 4500
001 285044
005 20231101235745.0
020 |a RU  |b 85-27757 
035 |a (RuTPU)RU\TPU\book\309244 
090 |a 285044 
100 |a 20150219d1985 km y0rusy5003 ca 
101 0 |a rus 
102 |a RU 
105 |a a z 001zy 
200 1 |a Термическая обработка порошковых сталей  |f Ю. Г. Гуревич, В. И. Рахманов 
210 |a Москва  |c Металлургия  |d 1985 
215 |a 81 с.  |c ил. 
320 |a Библиогр.: с. 79-81 
606 |a Сталь спеченная  |x Термическая обработка  |2 stltpush  |3 (RuTPU)RU\TPU\subj\56598  |9 74489 
610 1 |a порошковые стали 
610 1 |a термическая обработка 
610 1 |a упрочнение 
610 1 |a термокинетические диаграммы 
610 1 |a оптимальные режимы 
610 1 |a фазовые превращения 
610 1 |a структурные превращения 
610 1 |a закалка 
610 1 |a отпуск 
675 |a 669.018.29  |z rus  |v 3 
700 1 |a Гуревич  |b Ю. Г.  |g Юрий Григорьевич 
701 1 |a Рахманов  |b В. И.  |g Виктор Иванович 
801 0 |a RU  |b RuMRKP  |c 19950704  |g psbo 
801 1 |a RU  |b 63413507  |c 20150219 
801 2 |a RU  |b 63413507  |c 20171107  |g RCR 
942 |c BK